| 000 | 00856cad a22002175a 4500 | ||
|---|---|---|---|
| 001 | L156860 | ||
| 008 | 120723s2012 xxk f 000 0 eng d | ||
| 035 | _a(Sirsi) u156860 | ||
| 041 | 0 | _aeng | |
| 110 | 2 |
_aIBM United Kingdom Limited _96096 |
|
| 245 | 0 | 0 |
_aBuilding information modelling _h[electronic resource] |
| 260 |
_aLondon _bIBM United Kingdom Limited _c2012 |
||
| 520 | _aThis paper looks at how the construction industry can meet the UK government challege of using collaborative BIM on all public construction projects by 2016. | ||
| 590 | _aKA | ||
| 650 | 2 | 4 | _aBUILDING INFORMATION MODELLING |
| 650 | 2 | 4 |
_aBIM _96219 |
| 651 | 4 |
_aUnited Kingdom _y |
|
| 690 |
_aBIM _96219 |
||
| 856 | 4 | 0 |
_uhttps://www.ibm.com/smarterplanet/global/files/building_information_modelling_ibm_pov.pdf _zView the item free of charge at www.thenbs.com |
| 942 | _n0 | ||
| 999 |
_c114455 _d114455 |
||